[Event "Titled Tue 17th Jun Early"]
[Site "chess.com INT"]
[Date "2025.06.17"]
[Round "1"]
[White "Akhmedov, David"]
[Black "Montejo Bello, Lorena Beatriz"]
[Result "1-0"]
[WhiteTitle "FM"]
[BlackTitle "WFM"]
[WhiteElo "2447"]
[BlackElo "2090"]
[WhiteFideId "34220194"]
[BlackFideId "3529045"]
[EventDate "2025.06.17"]

1. d4 d5 2. c4 e6 3. Nf3 Nf6 4. Nc3 Be7 5. cxd5 exd5 6. Bf4 c6 7. e3 O-O 8. Bd3
Bd6 9. O-O h6 10. h3 Bxf4 11. exf4 Re8 12. Ne5 Nbd7 13. Re1 c5 14. Bb5 c4 15.
Qf3 a6 16. Bxd7 Bxd7 17. Nxd5 Nxd5 18. Qxd5 Be6 19. Qxb7 Qxd4 20. Re4 Qd5 21.
Qxd5 Bxd5 22. Rd4 Be6 23. Nxc4 Rec8 24. Ne3 Rab8 25. b3 a5 26. f5 Bxb3 27. axb3
Rxb3 28. Rxa5 Rb2 29. Rf4 Rc1+ 30. Kh2 Re1 31. Kg3 Ree2 32. h4 h5 33. Rf3 Rb4
34. Ra8+ Kh7 35. Ra7 Re1 36. Rf4 Rxf4 37. Kxf4 Re2 38. f3 Kg8 39. f6 g6 40. g3
Re1 41. Re7 Ra1 42. Kg5 Kf8 43. Kh6 Ra6 44. Nd5 Rd6 45. Re5 Rc6 46. g4 hxg4 47.
fxg4 Rd6 48. h5 gxh5 49. gxh5 Rc6 50. Kg5 Rd6 51. Nf4 Kg8 52. Re8+ Kh7 53. Re7
Kg8 54. Ng6 Rd5+ 55. Kh6 Rxh5+ 56. Kxh5 Kh7 57. Rxf7+ Kg8 58. Rg7# 1-0

[Event "Titled Tue 17th Jun Early"]
[Site "chess.com INT"]
[Date "2025.06.17"]
[Round "1"]
[White "Guliev, Gasan"]
[Black "Do Valle Cardoso, Lucas"]
[Result "0-1"]
[WhiteTitle "CM"]
[BlackTitle "IM"]
[WhiteElo "2123"]
[BlackElo "2414"]
[WhiteFideId "34165638"]
[BlackFideId "2163144"]
[EventDate "2025.06.17"]

1. d4 Nf6 2. Bg5 Ne4 3. h4 c5 4. Nd2 Nxg5 5. d5 e6 6. hxg5 Qxg5 7. e4 exd5 8.
Ngf3 Qe7 9. e5 Nc6 10. Bb5 a6 11. Bxc6 dxc6 12. O-O Bg4 13. c3 h5 14. Re1 h4 15.
Qa4 Be6 16. b4 cxb4 17. cxb4 Qxb4 18. Qc2 h3 19. Rab1 Qg4 20. g3 Bf5 21. Qb3
Bxb1 22. Qxb7 Qc8 23. Qxb1 Be7 24. e6 O-O 25. exf7+ Rxf7 26. Ne5 Rf5 27. Nxc6
Bc5 28. Re2 Rxf2 29. Rxf2 Qxc6 30. Qd3 Rf8 31. Nf3 Bxf2+ 32. Kxf2 h2 33. Kg2 d4
34. Qb3+ Kh8 35. Kxh2 Qxf3 36. Qe6 Qf2+ 37. Kh3 Qf5+ 38. Qxf5 Rxf5 39. Kg2 Ra5
40. a4 Rxa4 0-1

[Event "Titled Tue 17th Jun Early"]
[Site "chess.com INT"]
[Date "2025.06.17"]
[Round "1"]
[White "Pontes, Luiz Felizola Lima"]
[Black "Demchenko, Yaroslav"]
[Result "0-1"]
[BlackTitle "CM"]
[WhiteElo "2062"]
[BlackElo "2263"]
[WhiteFideId "44709919"]
[BlackFideId "14186667"]
[EventDate "2025.06.17"]

1. e4 e6 2. d4 d5 3. Nd2 c5 4. exd5 Qxd5 5. Ngf3 cxd4 6. Bc4 Qd7 7. O-O Nc6 8.
Nb3 a6 9. Nbxd4 Nxd4 10. Qxd4 Qxd4 11. Nxd4 Bd7 12. Be3 Nf6 13. Be2 Nd5 14. Bd2
Bc5 15. Nb3 Bb6 16. c4 Nf6 17. Bf3 O-O-O 18. Ba5 Bxa5 19. Nxa5 b6 20. Nb7 Rdf8
21. Nd6+ Kc7 22. Ne4 Nxe4 23. Bxe4 f5 24. Bf3 e5 25. Bd5 e4 26. f4 h6 27. Rac1
g5 28. c5 bxc5 29. Rxc5+ Kd6 30. Ra5 gxf4 31. Rxa6+ Ke5 32. Bc4 Rc8 33. Ra5+ Kf6
34. b3 Rhd8 35. Rxf4 Ra8 36. Rxa8 Rxa8 37. a4 Ke5 38. Rh4 e3 39. Kf1 f4 40. Rxh6
Bf5 41. h3 Rd8 42. Be2 Bc2 43. Rb6 Be4 44. Rb5+ Kf6 45. h4 Rc8 46. Bc4 Rd8 47.
Ke2 Rd2+ 48. Ke1 Rxg2 49. Rb6+ Ke5 50. Rb4 Bf3 51. Rb5+ Kd4 0-1

[Event "Titled Tue 17th Jun Early"]
[Site "chess.com INT"]
[Date "2025.06.17"]
[Round "1"]
[White "Asensio Ramos, Enrique Fernando"]
[Black "Miserendino, Alfredo"]
[Result "1-0"]
[WhiteTitle "CM"]
[WhiteElo "2200"]
[BlackElo "2032"]
[WhiteFideId "2214172"]
[BlackFideId "101800"]
[EventDate "2025.06.17"]

1. d4 c5 2. d5 Nf6 3. Nc3 e6 4. e4 d6 5. Nf3 exd5 6. exd5 Be7 7. Bb5+ Nbd7 8. a4
a6 9. Bd3 O-O 10. O-O Re8 11. Bf4 h6 12. Re1 Bf8 13. Rxe8 Qxe8 14. Qd2 Ng4 15.
Re1 Qd8 16. h3 Ngf6 17. b3 Rb8 18. g4 b5 19. axb5 axb5 20. Bxb5 Qa5 21. Bxd7
Nxd7 22. Re8 Ba6 23. Rxb8 Nxb8 24. Ne4 Qb6 25. Qe3 Nd7 26. h4 Qb5 27. c4 Qb8 28.
Kg2 Bc8 29. g5 h5 30. g6 fxg6 31. Neg5 Nf6 32. Ne6 Qb7 33. Nfg5 Qe7 34. Qd3 Bxe6
35. dxe6 Qe8 36. Qd2 Qa8+ 37. f3 Qe8 38. Bxd6 Bxd6 39. Qxd6 1-0

[Event "Titled Tue 17th Jun Early"]
[Site "chess.com INT"]
[Date "2025.06.17"]
[Round "1"]
[White "Karas, Marek"]
[Black "Carlsen, Magnus"]
[Result "0-1"]
[WhiteTitle "FM"]
[BlackTitle "GM"]
[WhiteElo "2215"]
[BlackElo "2837"]
[WhiteFideId "14928558"]
[BlackFideId "1503014"]
[EventDate "2025.06.17"]

1. d4 d6 2. e4 Nf6 3. Nc3 Nbd7 4. Nf3 e5 5. Bc4 Be7 6. O-O O-O 7. a4 c6 8. h3 h6
9. Re1 a5 10. b3 Re8 11. Bb2 exd4 12. Qxd4 Ne5 13. Nxe5 dxe5 14. Qxd8 Bxd8 15.
Rad1 Bb6 16. Nb1 Bd7 17. Bf1 Bc7 18. Na3 Be6 19. Bc4 Bxc4 20. Nxc4 b5 21. Na3
Rab8 22. axb5 cxb5 23. Kf1 Re6 24. Ra1 Rc6 25. f3 Nh5 26. Rec1 Bb6 27. c4 Be3
28. Rc2 bxc4 29. Nxc4 Bd4 30. Bxd4 exd4 31. Rd2 a4 32. Na5 Rc3 33. Rxa4 d3 34.
Rc4 Rxc4 35. bxc4 Nf4 36. g3 Rb1+ 37. Kf2 Nxh3+ 38. Ke3 Re1+ 39. Kxd3 Ng5 40.
Re2 Rg1 41. Ke3 Rxg3 42. Rf2 Rg1 43. Nb3 Rb1 44. Nd2 Rc1 45. f4 Ne6 46. f5 Rc3+
47. Ke2 Nd4+ 48. Kd1 h5 49. Rh2 g6 50. fxg6 fxg6 51. Rg2 Kg7 52. e5 Re3 53. Rg1
Rxe5 54. Re1 Ra5 55. Kc1 Ra1+ 56. Nb1 Ra2 57. Rd1 Rc2# 0-1

[Event "Titled Tue 17th Jun Early"]
[Site "chess.com INT"]
[Date "2025.06.17"]
[Round "1"]
[White "Sabatier, Mathis"]
[Black "Alonso Rosell, Alvar"]
[Result "0-1"]
[WhiteTitle "CM"]
[BlackTitle "GM"]
[WhiteElo "2235"]
[BlackElo "2536"]
[WhiteFideId "26029685"]
[BlackFideId "2270544"]
[EventDate "2025.06.17"]

1. d4 Nf6 2. Nf3 c5 3. g3 cxd4 4. Nxd4 Nc6 5. Bg2 g6 6. O-O Bg7 7. Nxc6 bxc6 8.
c4 O-O 9. Nc3 Ba6 10. Qa4 Qc8 11. Rd1 Rb8 12. Rb1 d6 13. Be3 c5 14. Nd5 Nxd5 15.
Bxd5 e6 16. Bg2 Rb4 17. Qa5 Bxc4 18. b3 Bxe2 19. Rxd6 Rb5 20. Qxa7 c4 21. Rc1
Qb8 22. Qxb8 Rfxb8 23. Rd2 Bh5 24. Rxc4 g5 25. Rdc2 f6 26. Rc6 Bf7 27. Rc8+ Bf8
28. Rxb8 Rxb8 29. Bf1 Bg6 30. Rc6 Kf7 31. Bc4 Bf5 32. h3 Bxh3 33. Kh2 Bf5 34. a4
Rd8 35. f3 h5 36. Kg2 g4 37. fxg4 hxg4 38. a5 Be4+ 39. Kf2 Bxc6 40. a6 Rb8 41.
a7 Ra8 42. b4 Bxb4 0-1

[Event "Titled Tue 17th Jun Early"]
[Site "chess.com INT"]
[Date "2025.06.17"]
[Round "1"]
[White "Redor, Menandro"]
[Black "Ismagilov, Damir"]
[Result "0-1"]
[BlackTitle "CM"]
[WhiteElo "2021"]
[BlackElo "2173"]
[WhiteFideId "5222010"]
[BlackFideId "34199982"]
[EventDate "2025.06.17"]

1. e4 c5 2. Bc4 e6 3. Ne2 Nc6 4. O-O Nf6 5. d3 d5 6. exd5 exd5 7. Bb3 Be7 8. c3
O-O 9. Bf4 Bg4 10. h3 Bh5 11. Qd2 Re8 12. Ng3 Bg6 13. Bc2 Bf8 14. Na3 Qb6 15.
Bg5 Nd7 16. Rab1 a5 17. c4 Nb4 18. cxd5 Nxd5 19. Nc4 Qa6 20. a3 a4 21. f4 f6 22.
f5 Bf7 23. Bf4 b5 24. Ne3 Nxe3 25. Bxe3 b4 26. axb4 cxb4 27. Ne4 Ne5 28. Bd4 b3
29. Bd1 Qxd3 30. Bxe5 Qxd2 31. Nxd2 Rxe5 32. Bf3 Rd8 33. Rbd1 Rxf5 34. Ne4 Rfd5
35. Rxd5 Bxd5 36. Rd1 Be7 37. Nxf6+ Bxf6 38. Rxd5 Rxd5 39. Bxd5+ Kf8 40. Kf2
Bxb2 41. Ke2 Be5 42. Kd3 b2 43. Kc2 a3 44. Ba2 Ke7 45. Kb3 Bd6 0-1

[Event "Titled Tue 17th Jun Early"]
[Site "chess.com INT"]
[Date "2025.06.17"]
[Round "1"]
[White "Tsyhanchuk, Stanislav"]
[Black "Hansen, Eric"]
[Result "0-1"]
[WhiteTitle "IM"]
[BlackTitle "GM"]
[WhiteElo "2273"]
[BlackElo "2609"]
[WhiteFideId "13505130"]
[BlackFideId "2606771"]
[EventDate "2025.06.17"]

1. e4 c5 2. Nf3 e6 3. c3 Nf6 4. e5 Nd5 5. d4 cxd4 6. cxd4 d6 7. a3 Be7 8. Bd3
O-O 9. O-O Nc6 10. Qe2 Qb6 11. Qe4 g6 12. Nbd2 f5 13. exf6 Nxf6 14. Qh4 Nh5 15.
Qe4 d5 16. Qe3 Bf6 17. g4 Ng7 18. Ne5 Qxd4 19. Qxd4 Nxd4 20. f4 Nc6 21. Ndf3 Ne8
22. Bd2 Nd6 23. Nxc6 bxc6 24. Bb4 Rd8 25. Ne5 Bb7 26. Rac1 a5 27. Bc5 Nf7 28.
Bb6 Rdc8 29. Nd7 Bxb2 30. Rb1 Bg7 31. Bf2 Rc7 32. Nc5 Bc8 33. Rfc1 e5 34. f5 e4
35. Bf1 gxf5 36. gxf5 Bxf5 37. Bg3 Be5 38. Bxe5 Nxe5 39. Rb6 Kh8 40. Na6 Rg7+
41. Kf2 Rf8 42. Ke3 Rg1 43. Kd4 Nf3+ 44. Kc5 Nd2 45. Rxc6 Nb3+ 46. Kxd5 Nxc1 47.
Rxc1 Bg6 48. h4 Rgxf1 0-1

[Event "Titled Tue 17th Jun Early"]
[Site "chess.com INT"]
[Date "2025.06.17"]
[Round "1"]
[White "Altynbek, Aiaru"]
[Black "Plat, Vojtech"]
[Result "0-1"]
[WhiteTitle "WFM"]
[BlackTitle "GM"]
[WhiteElo "1977"]
[BlackElo "2497"]
[WhiteFideId "13752472"]
[BlackFideId "325740"]
[EventDate "2025.06.17"]

1. d4 Nf6 2. c4 g6 3. Nf3 Bg7 4. g3 O-O 5. Bg2 d5 6. cxd5 Nxd5 7. O-O Nb6 8. Nc3
Nc6 9. d5 Na5 10. e4 c6 11. dxc6 Nxc6 12. Be3 Nc4 13. Qe2 Nxe3 14. Qxe3 Be6 15.
Rfd1 Qa5 16. Nd5 Rfd8 17. Ng5 Bg4 18. Rd2 f6 19. Nf3 e6 20. Nc3 Rxd2 21. Nxd2 g5
22. Nc4 Qb4 23. Bf1 Rd8 24. e5 Nd4 25. exf6 Bxf6 26. h3 Bf5 27. g4 Bg6 28. Ne4
Qe7 29. Nxf6+ Qxf6 30. Rc1 Nf3+ 31. Kh1 Nh4 32. Ne5 Rf8 33. Nxg6 Nxg6 34. Bc4
Qxf2 35. Bxe6+ Kg7 36. Qxg5 Qf3+ 37. Kg1 Qg3+ 38. Kh1 Qxh3+ 39. Kg1 Qg3+ 40. Kh1
Qf3+ 41. Kg1 Qg3+ 42. Kh1 Rf2 43. Qh5 Qg2# 0-1

[Event "Titled Tue 17th Jun Early"]
[Site "chess.com INT"]
[Date "2025.06.17"]
[Round "1"]
[White "Smieszek, Wojciech"]
[Black "Bukreev, Stanislav"]
[Result "0-1"]
[WhiteTitle "CM"]
[BlackTitle "FM"]
[WhiteElo "2141"]
[BlackElo "2305"]
[WhiteFideId "1156047"]
[BlackFideId "34252347"]
[EventDate "2025.06.17"]

1. e4 e6 2. d4 d5 3. Bd3 dxe4 4. Bxe4 Nf6 5. Bf3 c5 6. Ne2 cxd4 7. Qxd4 Qxd4 8.
Nxd4 a6 9. O-O Be7 10. a4 e5 11. Nb3 e4 12. Be2 Nc6 13. c3 Be6 14. N1d2 O-O 15.
Bc4 Bxc4 16. Nxc4 Nd5 17. Ne3 Rad8 18. Nxd5 Rxd5 19. Be3 f5 20. Bb6 Ne5 21. Rfd1
Rxd1+ 22. Rxd1 Nc4 23. Rd7 Re8 24. Bd4 Nxb2 25. Rxb7 Nxa4 26. Ra7 Nb2 27. Rxa6
Rb8 28. Ra7 Bf8 29. Nc5 Nd3 30. Nb7 Bc5 31. Bxc5 Nxc5 32. g4 Rxb7 33. Ra8+ Kf7
34. gxf5 Rc7 35. Kg2 Nd3 36. Kg3 Rxc3 37. h4 Rc5 38. Kg4 Nxf2+ 39. Kf4 e3 40.
Ra7+ Kf6 41. Ra6+ Kf7 42. Ra7+ Kf8 43. Ra8+ Ke7 44. Ra7+ Kd6 45. Kxe3 Ng4+ 46.
Kf4 Nf6 47. Kg5 Nd7 48. Ra6+ Ke7 49. h5 Rd5 50. h6 g6 51. Ra7 Rxf5+ 52. Kg4 Rd5
53. Kh4 Rh5+ 54. Kg4 Rxh6 55. Ra6 Rh5 56. Rc6 Re5 0-1

[Event "Titled Tue 17th Jun Early"]
[Site "chess.com INT"]
[Date "2025.06.17"]
[Round "1"]
[White "Ristic, Nebojsa M"]
[Black "Shokirjonova, Barchinoy"]
[Result "1/2-1/2"]
[WhiteTitle "IM"]
[BlackTitle "WFM"]
[WhiteElo "2248"]
[BlackElo "2010"]
[WhiteFideId "900850"]
[BlackFideId "14212307"]
[EventDate "2025.06.17"]

1. d4 d5 2. Bf4 c5 3. e3 Nc6 4. Nf3 Qb6 5. Nbd2 e6 6. c3 Qxb2 7. Bb5 Qxb5 8. Rb1
Qa5 9. Qb3 Nf6 10. O-O Be7 11. h3 O-O 12. Rfc1 c4 13. Qc2 b5 14. g4 b4 15. g5
Nh5 16. Bh2 bxc3 17. Nf1 Qd8 18. h4 Bd7 19. Qe2 g6 20. Rxc3 Nb4 21. Ne5 f6 22.
Ng4 fxg5 23. hxg5 Bxg5 24. Rxb4 Nf6 25. Bd6 Rf7 26. Ne5 Rg7 27. Ng3 Bh4 28. Rc1
Bxg3 29. fxg3 Ne4 30. Nxd7 Qxd7 31. Be5 Rf8 32. Bxg7 Qxg7 33. Rf1 Nxg3 34. Rxf8+
Qxf8 35. Qe1 Ne4 36. Rb7 Qf3 37. Qf1 Qg3+ 38. Qg2 Qe1+ 39. Kh2 Qh4+ 40. Kg1 Qe1+
41. Kh2 Qh4+ 42. Kg1 Qe1+ 1/2-1/2

[Event "Titled Tue 17th Jun Early"]
[Site "chess.com INT"]
[Date "2025.06.17"]
[Round "1"]
[White "Punin, Andrii"]
[Black "Mateus, Martha"]
[Result "1-0"]
[WhiteTitle "FM"]
[BlackTitle "WIM"]
[WhiteElo "2289"]
[BlackElo "1972"]
[WhiteFideId "14112639"]
[BlackFideId "4401549"]
[EventDate "2025.06.17"]

1. e4 c5 2. Be2 Nc6 3. f4 g6 4. Nf3 Bg7 5. c3 d5 6. d3 Bg4 7. O-O Nf6 8. e5 Nd7
9. h3 Bxf3 10. Bxf3 e6 11. Na3 a6 12. Nc2 O-O 13. d4 c4 14. g4 Qh4 15. Kg2 f6
16. Be3 g5 17. exf6 Bxf6 18. fxg5 Bxg5 19. Qd2 Bxe3 20. Qxe3 Rf6 21. Be2 Raf8
22. Rxf6 Qxf6 23. Rf1 Qg6 24. Ne1 Rxf1 25. Bxf1 Kf7 26. Qf2+ Ke7 27. Nf3 Nf6 28.
b3 Ne4 29. Qe3 b5 30. bxc4 bxc4 31. Be2 h5 32. Ne5 Nxe5 33. dxe5 hxg4 34. Bxg4
Qg5 35. Qa7+ Kf8 36. Kf3 Qh4 37. Qg1 1-0

[Event "Titled Tue 17th Jun Early"]
[Site "chess.com INT"]
[Date "2025.06.17"]
[Round "1"]
[White "Hehir, Michael"]
[Black "Robert, Yoann"]
[Result "0-1"]
[BlackTitle "CM"]
[WhiteElo "2009"]
[BlackElo "2203"]
[WhiteFideId "2047411"]
[BlackFideId "36018805"]
[EventDate "2025.06.17"]

1. d4 f5 2. Bg5 h6 3. Bh4 g5 4. e3 Nf6 5. Bg3 Bg7 6. Bd3 d6 7. h4 g4 8. Ne2 Nh5
9. c4 Nc6 10. Nbc3 O-O 11. d5 Ne5 12. Rc1 c6 13. O-O a5 14. Nf4 Nxf4 15. Bxf4
Qe8 16. g3 Ng6 17. Kg2 Qf7 18. Qd2 Bd7 19. Rfe1 cxd5 20. cxd5 Rac8 21. Kg1 Rc5
22. Red1 Rfc8 23. Bc2 b5 24. a3 Ne5 25. Bxe5 Bxe5 26. e4 f4 27. Qd3 Rf8 28. Rf1
h5 29. Ne2 f3 30. Nc3 Rfc8 31. Nd1 b4 32. axb4 axb4 33. Re1 Bb5 34. Qe3 Rxc2 35.
Rxc2 Rxc2 36. Qh6 Bg7 37. Qg5 Re2 38. Rf1 Rxe4 39. Ne3 Re5 40. Qf4 Qxf4 41. gxf4
Rxe3 42. fxe3 Bxf1 43. Kxf1 Bxb2 44. Kf2 Bf6 45. e4 Bxh4+ 46. Ke3 f2 47. e5 f1=Q 0-1

[Event "Titled Tue 17th Jun Early"]
[Site "chess.com INT"]
[Date "2025.06.17"]
[Round "1"]
[White "Oparin, Grigoriy"]
[Black "Estrada Nieto, Julian"]
[Result "1-0"]
[WhiteTitle "GM"]
[BlackTitle "IM"]
[WhiteElo "2660"]
[BlackElo "2181"]
[WhiteFideId "24125890"]
[BlackFideId "5101018"]
[EventDate "2025.06.17"]

1. d4 d5 2. Nf3 Nf6 3. g3 Bf5 4. Nh4 Bd7 5. Bg2 c6 6. O-O g6 7. a4 a5 8. c4 Bg7
9. Na3 O-O 10. Nf3 Bf5 11. cxd5 cxd5 12. Nb5 Nc6 13. Bf4 Ne4 14. Rc1 Rc8 15. h3
h6 16. g4 Be6 17. e3 Qd7 18. Qe2 g5 19. Bh2 f5 20. Ne5 Nxe5 21. Rxc8 Rxc8 22.
dxe5 fxg4 23. hxg4 Bxg4 24. Qd3 Bf5 25. Nd4 Bh3 26. e6 Bxe6 27. Nxe6 Qxe6 28.
Rd1 Be5 29. Bxe5 Qxe5 30. Qxd5+ Qxd5 31. Rxd5 Rc1+ 32. Kh2 Nxf2 33. Rxa5 Ng4+
34. Kg3 Nxe3 35. Bxb7 Rc2 36. Rb5 Nc4 37. Bd5+ Kg7 38. Bxc4 Rxc4 39. b4 Kf6 40.
a5 h5 41. a6 Rc3+ 42. Kg2 Rc2+ 43. Kf1 Rc1+ 44. Ke2 Rc7 45. Ra5 h4 46. a7 Rxa7
47. Rxa7 h3 48. Kf3 e6 49. Kg3 Kf5 50. b5 e5 51. b6 e4 52. b7 1-0

[Event "Titled Tue 17th Jun Early"]
[Site "chess.com INT"]
[Date "2025.06.17"]
[Round "1"]
[White "Pavlov, Nikolay"]
[Black "Ai, Evan"]
[Result "1-0"]
[WhiteTitle "FM"]
[WhiteElo "2316"]
[BlackElo "2188"]
[WhiteFideId "24141470"]
[BlackFideId "2094770"]
[EventDate "2025.06.17"]

1. e4 e5 2. Nf3 Nc6 3. Bc4 Bc5 4. c3 Nf6 5. d4 exd4 6. e5 d5 7. Bb5 Ne4 8. cxd4
Bb4+ 9. Bd2 Nxd2 10. Nbxd2 Bg4 11. Qb3 a5 12. O-O O-O 13. Bxc6 bxc6 14. Rac1 Rb8
15. Qc2 Rb6 16. h3 Bh5 17. a3 Be7 18. Qc3 Qb8 19. Qxa5 Qb7 20. Qc3 Rxb2 21. Qxc6
Bxa3 22. Rc3 Bb4 23. Qxb7 Bxc3 24. Qxd5 Bxd2 25. Nxd2 Rxd2 26. Rc1 Bg6 27. Rxc7
Re2 28. f3 Rb8 29. Rb7 Rf8 30. Qc4 Re1+ 31. Kf2 Ra1 32. d5 h5 33. d6 Rfa8 34.
Kg3 Kh7 35. e6 fxe6 36. Qxe6 R8a4 37. Qe5 h4+ 38. Kh2 R1a2 39. Qxg7# 1-0

[Event "Titled Tue 17th Jun Early"]
[Site "chess.com INT"]
[Date "2025.06.17"]
[Round "1"]
[White "Lissillour, Baptiste"]
[Black "Toktomushev, Teimur"]
[Result "0-1"]
[WhiteTitle "FM"]
[BlackTitle "FM"]
[WhiteElo "2312"]
[BlackElo "2390"]
[WhiteFideId "45179620"]
[BlackFideId "14176726"]
[EventDate "2025.06.17"]

1. e4 c5 2. Nf3 e6 3. d4 cxd4 4. Nxd4 a6 5. Bd3 Bc5 6. Nb3 Ba7 7. Qe2 Ne7 8. Be3
O-O 9. Nc3 b5 10. Bxa7 Rxa7 11. Qe3 Nbc6 12. O-O-O e5 13. Be2 d6 14. Rd2 Be6 15.
Nc5 Nd4 16. Nxe6 fxe6 17. Bg4 Nec6 18. Ne2 Qf6 19. c3 Nxe2+ 20. Qxe2 Rc7 21. Kb1
b4 22. Qc4 bxc3 23. Qxe6+ Kh8 24. Qxf6 Rxf6 25. bxc3 Na5 26. Rhd1 Nc4 27. Re2 g6
28. f3 h5 29. Bh3 Rf8 30. Kc2 Rb8 31. Kd3 Nb2+ 32. Rxb2 Rxb2 33. Rd2 Rcb7 34.
Rxb2 Rxb2 35. a4 Ra2 36. Kc4 Rxa4+ 37. Kd5 Ra3 38. c4 Rd3+ 39. Kc6 Rd4 40. c5
dxc5 41. Kxc5 a5 42. Be6 a4 43. Kb5 a3 44. Kc5 Rd2 0-1

[Event "Titled Tue 17th Jun Early"]
[Site "chess.com INT"]
[Date "2025.06.17"]
[Round "1"]
[White "Omariev, Maksim"]
[Black "Linares Orellana, Hector Jose"]
[Result "1-0"]
[WhiteTitle "FM"]
[BlackTitle "FM"]
[WhiteElo "2304"]
[BlackElo "2111"]
[WhiteFideId "4193423"]
[BlackFideId "7304307"]
[EventDate "2025.06.17"]

1. g4 d5 2. Bg2 c6 3. h3 e5 4. d4 Bd6 5. dxe5 Bxe5 6. Nf3 Bd6 7. Qd4 f6 8. c4
Be6 9. Nc3 dxc4 10. Be3 Bc7 11. Qe4 Qe7 12. Bc5 Bd6 13. Bxd6 Qxd6 14. Nd4 Kf7
15. O-O-O Nd7 16. Ndb5 Qe5 17. Nd6+ Ke7 18. Nxb7 Rc8 19. Nd6 Rc7 20. f4 Qxe4 21.
Bxe4 Nh6 22. Rd4 c5 23. Rd2 Nb6 24. Rhd1 Nf7 25. Ndb5 Rd7 26. Rxd7+ Nxd7 27.
Nxa7 Ra8 28. Nc6+ Ke8 29. Bxh7 Ra6 30. Be4 g6 31. Bf3 f5 32. g5 Nd8 33. Nxd8
Kxd8 34. h4 Ke7 35. h5 Ra5 36. h6 Kf8 37. Rd6 Ke7 38. Rc6 Ra8 39. Nd5+ Bxd5 40.
Bxd5 Rd8 41. Re6+ Kf8 42. Rxg6 Nb6 43. Rg8+ Ke7 44. Rxd8 Kxd8 45. h7 1-0

[Event "Titled Tue 17th Jun Early"]
[Site "chess.com INT"]
[Date "2025.06.17"]
[Round "1"]
[White "Zong, Davis"]
[Black "Srihari, L"]
[Result "1-0"]
[WhiteTitle "FM"]
[BlackTitle "IM"]
[WhiteElo "2242"]
[BlackElo "2353"]
[WhiteFideId "30903955"]
[BlackFideId "46642056"]
[EventDate "2025.06.17"]

1. d4 Nf6 2. c4 g6 3. Nc3 Bg7 4. e4 d6 5. Nf3 O-O 6. Be2 e5 7. O-O exd4 8. Nxd4
Re8 9. f3 c6 10. Bf4 d5 11. cxd5 cxd5 12. Ndb5 Na6 13. exd5 Nh5 14. Bd2 Qb6+ 15.
Kh1 Bd7 16. a4 Re5 17. f4 Rxe2 18. Qxe2 Re8 19. Qf3 Nb4 20. Rae1 Rd8 21. Na3 Qa6
22. Qe2 Nd3 23. Rd1 Re8 24. Qf3 Nxb2 25. Rde1 Rd8 26. Nab5 Nxa4 27. Nxa4 Qxb5
28. Nc3 Qc4 29. Rc1 Nf6 30. Rfe1 Ng4 31. h3 Nh6 32. Ne4 Qa2 33. d6 Nf5 34. Bc3
Bc6 35. Bxg7 Bxe4 36. Rxe4 Kxg7 37. Qc3+ Kg8 38. d7 Qd5 39. Re8+ 1-0

[Event "Titled Tue 17th Jun Early"]
[Site "chess.com INT"]
[Date "2025.06.17"]
[Round "1"]
[White "Celik, Ali Alper"]
[Black "Deboushnik De"]
[Result "0-1"]
[WhiteTitle "FM"]
[BlackTitle "CM"]
[WhiteElo "2213"]
[BlackElo "2272"]
[WhiteFideId "44569955"]
[BlackFideId "25768778"]
[EventDate "2025.06.17"]

1. e4 e6 2. d4 d5 3. Nd2 c5 4. Ngf3 cxd4 5. Nxd4 Nc6 6. Bb5 Bd7 7. Nxc6 bxc6 8.
Bd3 Bd6 9. O-O Qc7 10. h3 Ne7 11. Re1 O-O 12. c4 a5 13. Nf3 dxe4 14. Bxe4 f5 15.
Bc2 c5 16. Ng5 e5 17. Bd2 h6 18. Nf3 e4 19. Nh4 Rad8 20. Bc3 Be5 21. Qh5 Bxc3
22. bxc3 Be8 23. Qe2 Qf4 24. g3 Qg5 25. Rad1 Bh5 26. Qf1 Bxd1 27. Rxd1 Rd2 28.
Rxd2 Qxd2 29. Ba4 e3 30. fxe3 Qxe3+ 31. Kh2 Rd8 32. Ng2 Rd2 33. h4 Qxc3 34. Kh3
Rd3 35. Qf2 Rf3 36. Qxc5 Rxg3+ 37. Kh2 Rh3+ 38. Kg1 Qc1+ 39. Kf2 Qd2+ 40. Kg1
Rg3 41. Qf2 Qxf2+ 42. Kxf2 Ra3 43. Bb3 a4 44. Bd1 Rxa2+ 45. Ke3 Rxg2 46. c5 0-1

[Event "Titled Tue 17th Jun Early"]
[Site "chess.com INT"]
[Date "2025.06.17"]
[Round "1"]
[White "Logozar, Elijah"]
[Black "Tekeyev, Zaur"]
[Result "0-1"]
[BlackTitle "IM"]
[WhiteElo "1928"]
[BlackElo "2407"]
[WhiteFideId "30963788"]
[BlackFideId "4199731"]
[EventDate "2025.06.17"]

1. e4 c5 2. Nf3 Nc6 3. d4 cxd4 4. Nxd4 Nf6 5. Nc3 d6 6. Bc4 Bd7 7. Bb3 g6 8. f3
Bg7 9. Be3 Rc8 10. Qd2 h5 11. O-O-O Nxd4 12. Bxd4 Bh6 13. Be3 Bxe3 14. Qxe3 Qb6
15. Qd2 Be6 16. Bxe6 fxe6 17. e5 dxe5 18. Rhe1 Kf7 19. Rxe5 Rhd8 20. Qe2 Rxd1+
21. Qxd1 Rd8 22. Qe1 Qd6 23. h3 a6 24. g4 b5 25. a3 hxg4 26. hxg4 Rh8 27. Kb1
Rh1 28. Qxh1 Qxe5 29. Qd1 Nd5 30. Ne4 Qf4 31. Qd4 Nf6 32. c3 Nxe4 33. Qxe4 Qd2
34. Ka2 Qd5+ 35. Qxd5 exd5 36. Kb3 e5 37. Kb4 Ke6 38. Ka5 e4 39. fxe4 dxe4 40.
Kxa6 e3 41. Kxb5 e2 42. a4 e1=Q 43. a5 Qe5+ 44. Ka6 Qb8 45. b4 Kd6 46. b5 Kc5
47. b6 Qa8# 0-1

[Event "Titled Tue 17th Jun Early"]
[Site "chess.com INT"]
[Date "2025.06.17"]
[Round "1"]
[White "Tilak, Sharad S"]
[Black "Aakash, G"]
[Result "1/2-1/2"]
[WhiteTitle "IM"]
[BlackTitle "FM"]
[WhiteElo "2191"]
[BlackElo "2123"]
[WhiteFideId "5000165"]
[BlackFideId "25644394"]
[EventDate "2025.06.17"]

1. e4 c6 2. c4 e5 3. d4 exd4 4. Qxd4 d6 5. Nc3 Nd7 6. Nf3 Ngf6 7. Bf4 Qb6 8.
Qxb6 axb6 9. O-O-O Nc5 10. Bd3 Bg4 11. Rhe1 O-O-O 12. h3 Bxf3 13. gxf3 Nfd7 14.
Be2 Ne5 15. b4 Ne6 16. Be3 g5 17. Bxb6 Rd7 18. a4 Bg7 19. Kc2 Nf4 20. Bd4 Re8
21. a5 h5 22. Na4 f5 23. Nb6+ Kc7 24. Nxd7 Kxd7 25. c5 fxe4 26. fxe4 d5 27. exd5
Nxd5 28. Bxh5 Rh8 29. Bg4+ Nxg4 30. Bxg7 Rxh3 31. Rxd5+ cxd5 32. Bd4 Rf3 33. Re2
Nf6 34. Bxf6 Rxf6 35. Kc3 Kc6 36. Kb3 Rf3+ 37. Ka4 d4 38. Rd2 d3 39. Kb3 Kb5 40.
Kc3 Rf4 41. Rxd3 Rxb4 42. Rd5 Rc4+ 43. Kd3 Rxc5 44. Rxc5+ Kxc5 45. Ke4 Kb5 46.
Kf5 Kxa5 47. Kxg5 b5 48. f4 b4 49. f5 b3 50. f6 b2 51. f7 b1=Q 52. f8=Q Qg1+ 53.
Kh5 Qh2+ 54. Kg5 Qg2+ 55. Kh5 Qh2+ 56. Kg5 Qg2+ 57. Kh5 Qh2+ 1/2-1/2